000 00642nam a2200205Ia 4500
003 IN-BaIIA
008 211028s9999 xx 000 0 eng d
020 _a0-12-561350-4
040 _cIIA Library
080 _a523.4-52
_bCHE
245 0 _aChemical evolution of the giant planets
_cedited by Cyril Ponnamperuma
260 _aNew York,
_bAcademic Press
_c1976
300 _axi, 240p.
650 _aAstronomy and astrophysics thesaurus
650 _aCosmochemistry
_91212
650 _aExtraterrestrial life
_94250
650 _aPlanets
_9971
700 _aPonnamperuma, Cyril., ed.
_99461
942 _cBK
999 _c5444
_d5444